[Event "Finkenstein Open"]
[Site "?"]
[Date "2000.08.18"]
[Round "8.3"]
[White "Sebenik, Matej"]
[Black "Jeric, Simon"]
[Result "1/2-1/2"]
[WhiteElo "2287"]
[BlackElo "2333"]
[PlyCount "46"]
[EventDate "2000.??.??"]

1. d4 d5 2. c4 e6 3. Nc3 c6 4. e3 f5 5. g4 Nf6 6. gxf5 exf5 7. Qb3 Bd6 8. cxd5
cxd5 9. Bg2 Nc6 10. Bd2 Na5 11. Qa4+ Bd7 12. Nb5 Nc4 13. b3 a6 14. Nxd6+ Nxd6
15. Qa3 Nde4 16. Ne2 Rc8 17. f3 Nxd2 18. Kxd2 Kf7 19. Nf4 Bb5 20. Qb4 g5 21.
Nh3 h6 22. a4 Bc6 23. Nf2 23... a5 {Rest unklar.} 1/2-1/2

[Event "Finkenstein Open"]
[Site "?"]
[Date "2000.08.18"]
[Round "8.4"]
[White "Hummel, Markus"]
[Black "Brauer, Christian"]
[Result "1-0"]
[WhiteElo "2174"]
[BlackElo "2160"]
[PlyCount "55"]
[EventDate "2000.??.??"]

1. e4 e6 2. d4 d5 3. Nd2 c5 4. c3 Nc6 5. exd5 Qxd5 6. dxc5 Bxc5 7. Ngf3 Nf6 8.
Bc4 Qd6 9. O-O Qc7 10. Qe2 O-O 11. Ne4 Nxe4 12. Qxe4 a6 13. Ng5 g6 14. Qh4 h5
15. Ne4 Be7 16. Bg5 f5 17. Bxe7 Nxe7 18. Ng5 Nd5 19. Rfe1 Qc6 20. Rad1 Nc7 21.
Nf3 Qe8 22. Rd6 b5 23. Bb3 a5 24. a3 Ra6 25. Rd3 Bb7 26. Ne5 Kh8 27. Qg5 Bd5
28. Nxg6+ 1-0

[Event "Finkenstein Open"]
[Site "?"]
[Date "2000.08.18"]
[Round "8.5"]
[White "Neulinger, Manfred"]
[Black "Kiss, Attila"]
[Result "1-0"]
[WhiteElo "2286"]
[BlackElo "2338"]
[PlyCount "56"]
[EventDate "2000.??.??"]

1. e4 c5 2. Nf3 d6 3. d4 cxd4 4. Nxd4 Nf6 5. Nc3 a6 6. g3 e5 7. Nde2 Be7 8. h3
b6 9. g4 Bb7 10. Bg2 h6 11. Ng3 g6 12. Be3 Nbd7 13. Qd2 h5 14. g5 Nh7 15. h4
Nhf8 16. Nd5 Bxd5 17. Qxd5 Rc8 18. O-O Ne6 19. Nf5 gxf5 20. exf5 Nxg5 21. hxg5
Bxg5 22. f4 Be7 23. c3 Rg8 24. Rae1 Qc7 25. Kh1 Qc4 26. Qd1 Rg4 27. Bd5 Qc7 28.
Qb3 28... Nf6 {Rest unklar} 1-0

[Event "Finkenstein Open"]
[Site "?"]
[Date "2000.08.18"]
[Round "8.6"]
[White "Bruns, Michael"]
[Black "Kock, Hans-uwe"]
[Result "1-0"]
[WhiteElo "2107"]
[BlackElo "2167"]
[PlyCount "98"]
[EventDate "2000.??.??"]

1. Nf3 Nf6 2. g3 g6 3. Bg2 Bg7 4. c4 O-O 5. O-O d6 6. Nc3 c6 7. Qc2 e5 8. d3
Nbd7 9. Rb1 Ne8 10. b4 Nc7 11. b5 cxb5 12. Nxb5 Nxb5 13. Rxb5 Nc5 14. Bd2 Bd7
15. Rbb1 Rc8 16. Bc3 b6 17. Nd2 Qe7 18. Ne4 Nxe4 19. Bxe4 f5 20. Bg2 Bc6 21.
Bxc6 Rxc6 22. Qb3 Qf7 23. Qb5 Rfc8 24. Bb4 Bf8 25. a4 h5 26. a5 h4 27. gxh4 Be7
28. f4 bxa5 29. Qxa5 e4 30. Qxa7 Bxh4 31. Qxf7+ Kxf7 32. Ba3 Ke6 33. Rb5 Bf6
34. Rfb1 Bd4+ 35. Kg2 Ra6 36. Bb2 Be3 37. Kg3 Ra2 38. Rb7 d5 39. cxd5+ Kxd5 40.
dxe4+ fxe4 41. Rb3 Bd2 42. Rb5+ Kc4 43. Rb7 Rc5 44. h4 Be3 45. Ra1 Rxa1 46.
Bxa1 Ra5 47. Bb2 Rd5 48. Re7 Bc5 49. Rxe4+ Kb3 1-0

[Event "Finkenstein Open"]
[Site "?"]
[Date "2000.08.18"]
[Round "8.7"]
[White "Hutz, Gerhard"]
[Black "Hicker, Harald"]
[Result "0-1"]
[WhiteElo "1890"]
[BlackElo "2145"]
[PlyCount "54"]
[EventDate "2000.??.??"]

1. e4 e5 2. Nf3 Nc6 3. d4 exd4 4. c3 d5 5. exd5 Qxd5 6. Be2 Be6 7. cxd4 Bb4+ 8.
Nc3 Nf6 9. O-O Qa5 10. Qc2 Rd8 11. Bb5 O-O 12. Bxc6 bxc6 13. Ne5 Qa6 14. Be3
Bxc3 15. bxc3 Nd5 16. Bd2 f6 17. Nf3 Nb6 18. Qe4 Bd5 19. Qg4 Qd3 20. Bh6 Rf7
21. Nh4 Kh8 22. Rfe1 gxh6 23. Re3 Qd2 24. Rae1 Rg8 25. Qh5 Nc4 26. Re8 Rff8 27.
f4 Rxg2+ 0-1

[Event "Finkenstein Open"]
[Site "?"]
[Date "2000.08.18"]
[Round "8.8"]
[White "Basagic, Zlatko"]
[Black "Boskovic, Martin"]
[Result "1-0"]
[WhiteElo "2338"]
[BlackElo "1968"]
[PlyCount "52"]
[EventDate "2000.??.??"]

1. e4 e5 2. Nf3 Nc6 3. Bc4 Bc5 4. O-O Nf6 5. d4 Nxd4 6. Nxe5 O-O 7. Be3 Ne6 8.
Bxe6 fxe6 9. Bxc5 d6 10. Ba3 dxe5 11. Bxf8 Qxf8 12. Nd2 Qb4 13. b3 b6 14. c3
Qxc3 15. Rc1 Qd3 16. Nf3 Ba6 17. Qxd3 Bxd3 18. Rfe1 Bxe4 19. Nxe5 c5 20. Ng4
Bd5 21. Nxf6+ gxf6 22. f4 f5 23. Rc3 Kf7 24. Rh3 Kg6 25. Ree3 h5 26. Reg3+
26... Kh6 {Aufgabe wegen 27. Tg5 Lf3 28. gxf3 Td8 29. Thxh5#} 1-0

[Event "Finkenstein Open"]
[Site "?"]
[Date "2000.08.18"]
[Round "8.9"]
[White "Scholvin, Bjoern"]
[Black "Keller, Manfred"]
[Result "1/2-1/2"]
[WhiteElo "1929"]
[BlackElo "2200"]
[PlyCount "119"]
[EventDate "2000.??.??"]

1. e4 d5 2. exd5 Nf6 3. Bb5+ Bd7 4. Bc4 Bg4 5. f3 Bf5 6. g4 Bc8 7. Nc3 a6 8. a4
c6 9. dxc6 Nxc6 10. d3 Qb6 11. g5 Nd7 12. Nd5 Qd8 13. Be3 e6 14. Nc3 Be7 15.
Qd2 Nde5 16. f4 Nxc4 17. dxc4 Qxd2+ 18. Bxd2 b6 19. Nf3 Bb7 20. Kf2 h6 21. gxh6
Rxh6 22. Be3 Na5 23. b3 Bf6 24. Ne2 Bxa1 25. Rxa1 Bxf3 26. Kxf3 Rxh2 27. Bxb6
Nc6 28. Rg1 g6 29. c3 Rb8 30. a5 Ke7 31. b4 e5 32. b5 axb5 33. cxb5 e4+ 34. Ke3
Rh3+ 35. Kxe4 f5+ 36. Kd5 Nxa5 37. Rxg6 Kf7 38. Rd6 Rd3+ 39. Nd4 Nb3 40. Kc4
Nxd4 41. Kxd3 Nxb5 42. Rc6 Rb7 43. Kc4 Na3+ 44. Kb3 Nb1 45. Rc7+ Rxc7 46. Bxc7
Nd2+ 47. Kb4 Ke6 48. c4 Kd7 49. Be5 Kc6 50. Kc3 Ne4+ 51. Kd4 Nd2 52. Bg7 Nf3+
53. Ke3 Ne1 54. Bf8 Ng2+ 55. Kf3 Ne1+ 56. Kg3 Nd3 57. c5 Nxc5 58. Bxc5 Kxc5 59.
Kh4 Kd6 60. Kg5 1/2-1/2

[Event "Finkenstein Open"]
[Site "?"]
[Date "2000.08.18"]
[Round "8.10"]
[White "Siegmund, Rainer"]
[Black "Polansek, Justin"]
[Result "1-0"]
[WhiteElo "2143"]
[BlackElo "1894"]
[PlyCount "89"]
[EventDate "2000.??.??"]

1. d4 d5 2. Nf3 Nf6 3. c4 c6 4. Nc3 e6 5. e3 a6 6. Qc2 Nbd7 7. b3 Be7 8. Bb2 b5
9. c5 Qc7 10. b4 e5 11. dxe5 Ng4 12. Be2 Ngxe5 13. Nd4 Nf6 14. h3 a5 15. a3 Bd7
16. Nf5 Bxf5 17. Qxf5 Nc4 18. Rb1 Nxb2 19. Rxb2 axb4 20. axb4 Ra1+ 21. Rb1 g6
22. Qc2 Rxb1+ 23. Qxb1 Qe5 24. Qb3 O-O 25. O-O Ra8 26. Bf3 Ne4 27. Bxe4 dxe4
28. Qc2 f5 29. Qb3+ Kg7 30. Ne2 Ra6 31. Nd4 Bf6 32. Rd1 Kh6 33. g3 Qe7 34. Kg2
Be5 35. h4 Qf6 36. Ne2 Qe7 37. Qg8 Ra4 38. Qc8 Qf6 39. Rd7 Rxb4 40. Qb7 Qh8 41.
Qxc6 Rb2 42. Nd4 Bxd4 43. Rxd4 b4 44. Qc7 b3 45. Qf4+ 1-0

[Event "Finkenstein Open"]
[Site "?"]
[Date "2000.08.18"]
[Round "8.11"]
[White "Lenic, Luka"]
[Black "Grom, Waldemar"]
[Result "1-0"]
[WhiteElo "2061"]
[BlackElo "1875"]
[PlyCount "27"]
[EventDate "2000.??.??"]

1. e4 c5 2. d4 cxd4 3. c3 dxc3 4. Nxc3 e6 5. Nf3 a6 6. Bc4 Ne7 7. Bf4 Ng6 8.
Bg3 b5 9. Bb3 Bb4 10. Qd4 Nc6 11. Qe3 O-O 12. O-O Na5 13. Rfd1 Nxb3 14. axb3 {
Rest unklar} 1-0

[Event "Finkenstein Open"]
[Site "?"]
[Date "2000.08.18"]
[Round "8.12"]
[White "Schippel, Gert"]
[Black "Scholvin, Erich"]
[Result "1-0"]
[WhiteElo "2016"]
[BlackElo "2039"]
[PlyCount "79"]
[EventDate "2000.??.??"]

1. Nf3 f5 2. g3 Nf6 3. Bg2 d5 4. O-O e6 5. d3 Be7 6. Nbd2 O-O 7. c3 c5 8. Qc2
Nc6 9. e4 c4 10. exf5 cxd3 11. Qxd3 e5 12. Qb5 Bxf5 13. Qxb7 Qd6 14. Qa6 Rab8
15. Re1 Rb6 16. Qe2 Nd7 17. b4 e4 18. b5 Nce5 19. Nd4 Qf6 20. f3 Bc5 21. fxe4
Bxd4+ 22. cxd4 Bg4 23. Qe3 Nc4 24. Nxc4 dxc4 25. e5 Qg6 26. Bd5+ Be6 27. Be4
Bf5 28. a4 Re8 29. Ba3 Qe6 30. Qf3 Bxe4 31. Qxe4 Nf6 32. Qc2 Ng4 33. Rac1 Qh6
34. Qxc4+ Kh8 35. Qe2 Rg6 36. Rc6 Nxe5 37. dxe5 Rxc6 38. bxc6 Qxc6 39. Qb5 Qe6
40. Qc5 1-0

[Event "Finkenstein Open"]
[Site "?"]
[Date "2000.08.18"]
[Round "8.13"]
[White "Hodac, Herbert"]
[Black "Juritsch, Harald"]
[Result "1/2-1/2"]
[WhiteElo "1927"]
[BlackElo "2036"]
[PlyCount "21"]
[EventDate "2000.??.??"]

1. e4 c5 2. Nf3 a6 3. c3 Nc6 4. d4 cxd4 5. cxd4 d6 6. Nc3 g6 7. Be3 Bg7 8. h3
e6 9. Qd2 Nge7 10. Be2 h6 11. d5 1/2-1/2

[Event "Finkenstein Open"]
[Site "?"]
[Date "2000.08.18"]
[Round "8.14"]
[White "Suster, Otto"]
[Black "Piber, Vinko"]
[Result "1-0"]
[WhiteElo "1911"]
[BlackElo "2024"]
[PlyCount "43"]
[EventDate "2000.??.??"]

1. e4 e6 2. d4 d5 3. exd5 exd5 4. Nf3 Nf6 5. Bg5 Be7 6. Bd3 h6 7. Bxf6 Bxf6 8.
O-O O-O 9. Nbd2 Nc6 10. c3 Re8 11. Qc2 Qd6 12. Rfe1 Bd7 13. Bf5 Rxe1+ 14. Rxe1
Re8 15. Rxe8+ Bxe8 16. Nf1 Ne7 17. Bd3 a5 18. Ne3 g5 19. h3 b5 20. Qe2 Qd7 21.
Ng4 Kg7 22. Nxf6 1-0

[Event "Finkenstein Open"]
[Site "?"]
[Date "2000.08.18"]
[Round "8.15"]
[White "Smajkic, Serif"]
[Black "Goeslbauer, Harald"]
[Result "1-0"]
[WhiteElo "1878"]
[BlackElo "2177"]
[Annotator "Standard"]
[PlyCount "80"]
[EventDate "2000.??.??"]

1. d4 d5 2. c4 c6 3. Nf3 Nf6 4. Nc3 a6 5. e3 Bg4 6. h3 Bxf3 7. Qxf3 b5 8. cxd5
cxd5 9. Bd3 Nc6 10. Qg3 g6 11. O-O Bg7 12. a3 Rc8 13. Ne2 O-O 14. f3 Qb6 15.
Qf2 Rfd8 16. Bd2 e5 17. Bc3 e4 18. fxe4 dxe4 19. Bb1 b4 20. axb4 Nxb4 21. Bxb4
Qxb4 22. Rxa6 Rd6 23. Rxd6 Qxd6 24. Nc3 Rb8 25. Bxe4 Qe7 26. Bf3 Bh6 27. e4 Qb4
28. e5 Ne8 29. Bd5 Kh8 30. Bxf7 Ng7 31. Nd5 Qxb2 32. Qxb2 Rxb2 33. Bxg6 Ne6 (
33... hxg6 34. Rf8+ Kh7 35. Nf6#) 34. Bh5 Nxd4 35. Ra1 Rb8 36. Bg4 Bg7 37. Re1
Nc6 38. e6 Bf8 39. e7 Nxe7 40. Nxe7 Re8 1-0

[Event "Finkenstein Open"]
[Site "?"]
[Date "2000.08.18"]
[Round "8.16"]
[White "Giessmann, Andreas"]
[Black "Androsch, Guenther"]
[Result "1/2-1/2"]
[WhiteElo "2072"]
[BlackElo "1887"]
[PlyCount "84"]
[EventDate "2000.??.??"]

1. Nf3 d6 2. g3 Nf6 3. Bg2 g6 4. O-O Bg7 5. d3 O-O 6. c4 e5 7. Nc3 c6 8. Qc2
Qe7 9. Ng5 h6 10. Nge4 Nxe4 11. dxe4 Na6 12. a3 Be6 13. b3 Rad8 14. Rd1 Nc7 15.
a4 a5 16. Ba3 Na6 17. Rd2 Nb4 18. Qd1 h5 19. Na2 Bh6 20. e3 Bg4 21. Qe1 Nxa2
22. Raxa2 c5 23. Rd3 b6 24. Bc1 Rfe8 25. Qf1 Bc8 26. Re2 h4 27. f3 hxg3 28.
hxg3 Qg5 29. Qf2 Bf8 30. f4 Qh5 31. Bf3 Bg4 32. Bxg4 Qxg4 33. Kg2 Be7 34. Re1
Kg7 35. Rh1 Rh8 36. Rdd1 Rxh1 37. Rxh1 Rh8 38. Rxh8 Kxh8 39. Qf3 Qxf3+ 40. Kxf3
Kg7 41. Bd2 f6 42. Be1 g5 1/2-1/2

[Event "Finkenstein Open"]
[Site "?"]
[Date "2000.08.18"]
[Round "8.17"]
[White "Vitouch, Anatol"]
[Black "Kreisl, Robert"]
[Result "1/2-1/2"]
[WhiteElo "2084"]
[BlackElo "1745"]
[PlyCount "82"]
[EventDate "2000.??.??"]

1. Nf3 Nf6 2. c4 g6 3. Nc3 Bg7 4. g3 d5 5. cxd5 Nxd5 6. Bg2 O-O 7. O-O Nxc3 8.
bxc3 c5 9. Rb1 Qc7 10. c4 Nc6 11. Bb2 b6 12. Bxg7 Kxg7 13. d3 Bb7 14. Qb3 Rfd8
15. Qb2+ Kg8 16. Rfd1 Nd4 17. Nxd4 Rxd4 18. Bxb7 Qxb7 19. a4 Rd6 20. a5 Rb8 21.
Qa2 Qa6 22. Rb5 f6 23. Qb2 Qc8 24. Ra1 Qc7 25. Qa3 Rb7 26. axb6 axb6 27. Qb2
Ra7 28. Rb3 Rxa1+ 29. Qxa1 Rd8 30. Ra3 Rb8 31. Ra7 Rb7 32. Ra8+ Rb8 33. Ra7 Rb7
34. Ra8+ Rb8 35. Qa7 Qxa7 36. Rxa7 Kf7 37. Kg2 Ke6 38. Kf3 Kd6 39. Ke3 Re8 40.
Kd2 Rb8 41. Ke3 Re8 1/2-1/2

[Event "Finkenstein Open"]
[Site "?"]
[Date "2000.08.18"]
[Round "8.18"]
[White "Thallinger, Werner"]
[Black "Kuttnig, Roland"]
[Result "1/2-1/2"]
[WhiteElo "1855"]
[BlackElo "2072"]
[PlyCount "118"]
[EventDate "2000.??.??"]

1. c4 e5 2. Nc3 Nf6 3. e4 c6 4. Nf3 d6 5. d4 exd4 6. Qxd4 Be7 7. Be2 O-O 8. O-O
Bg4 9. h3 Bxf3 10. Bxf3 Nbd7 11. Be2 Re8 12. Rd1 Qa5 13. Bf4 Ne5 14. Be3 Qb4
15. Rab1 c5 16. Qd2 Nxc4 17. Bxc4 Qxc4 18. b3 Qe6 19. f3 a6 20. Bf4 Rad8 21.
Nd5 Nxd5 22. Qxd5 Rd7 23. Rbc1 Qxd5 24. Rxd5 Red8 25. Rcd1 f6 26. g4 h6 27. Kg2
Kf7 28. h4 Ke6 29. Bg3 g5 30. f4 b5 31. hxg5 hxg5 32. f5+ Kf7 33. Bf2 Rc7 34.
Bg3 Rc6 35. Be1 Rd7 36. Bc3 b4 37. Be1 a5 38. Rc1 Ra7 39. Rd3 Rca6 40. Bg3 a4
41. Kf3 axb3 42. axb3 Rc6 43. Be1 Rac7 44. Rc4 Ke8 45. Rd1 Kd7 46. Ra1 Kc8 47.
Ke3 Kb7 48. Kd3 Kb6 49. Kc2 Kb5 50. Ra8 Rc8 51. Ra7 R6c7 52. Rxc7 Rxc7 53. Bxb4
Ra7 54. Bc3 Ra2+ 55. Bb2 Ra8 56. Rc3 Rh8 57. Rg3 Bd8 58. Bc3 Kc6 59. Kd3 Rh6
1/2-1/2

[Event "Finkenstein Open"]
[Site "?"]
[Date "2000.08.18"]
[Round "8.19"]
[White "Kranabetter, Anton"]
[Black "Tarmann, Johannes"]
[Result "1/2-1/2"]
[WhiteElo "1992"]
[BlackElo "1848"]
[PlyCount "25"]
[EventDate "2000.??.??"]

1. e4 c6 2. d4 d5 3. Nc3 dxe4 4. Nxe4 Nf6 5. Nxf6+ gxf6 6. Bf4 Bf5 7. Nf3 e6 8.
Bd3 Bg6 9. h4 Bh5 10. c3 Nd7 11. Qe2 Qa5 12. O-O Be7 13. Rfe1 1/2-1/2

[Event "Finkenstein Open"]
[Site "?"]
[Date "2000.08.18"]
[Round "8.20"]
[White "Orsario, Wolfgang"]
[Black "Kainz, Josef"]
[Result "1-0"]
[WhiteElo "1818"]
[BlackElo "1925"]
[PlyCount "69"]
[EventDate "2000.??.??"]

1. d4 Nf6 2. Nc3 d5 3. Bg5 e6 4. e4 dxe4 5. Nxe4 Be7 6. Nxf6+ Bxf6 7. Bxf6 Qxf6
8. Nf3 O-O 9. Bd3 c5 10. c3 cxd4 11. Nxd4 e5 12. Nb5 Qb6 13. Qc2 f5 14. Bc4+
Kh8 15. O-O-O Nc6 16. b4 e4 17. Qe2 Ne5 18. Rd6 Nd3+ 19. Bxd3 exd3 20. Qe7 d2+
21. Kd1 Rg8 22. Rxb6 axb6 23. Nd6 h6 24. Kxd2 Rxa2+ 25. Ke3 f4+ 26. Kf3 h5 27.
h3 Rd2 28. Re1 Rd3+ 29. Kxf4 Bd7 30. Nf7+ Kh7 31. Qe4+ g6 32. Qxd3 Bf5 33. Qd4
Rf8 34. Re7 g5+ 35. Kxf5 1-0

[Event "Finkenstein Open"]
[Site "?"]
[Date "2000.08.18"]
[Round "8.50"]
[White "Juritsch, Franz"]
[Black "Juritsch, Stefan"]
[Result "1-0"]
[WhiteElo "1460"]
[BlackElo "1453"]
[PlyCount "103"]
[EventDate "2000.??.??"]

1. e4 e5 2. Nf3 Nc6 3. Bc4 Be7 4. c3 Nf6 5. Qc2 O-O 6. O-O d6 7. d4 Na5 8. Be2
exd4 9. cxd4 c5 10. d5 b6 11. Bd2 Nb7 12. Bc3 h6 13. Na3 a6 14. Bd2 Bd7 15. Nb1
b5 16. a3 a5 17. b3 Qb6 18. Bf4 Rad8 19. h3 Nh5 20. Bd2 Nf6 21. a4 b4 22. Be3
Rfe8 23. Nbd2 Qa7 24. Nc4 g5 25. g4 Rb8 26. Rad1 Nh7 27. Kg2 f6 28. Rh1 Kg7 29.
Kg3 Rf8 30. h4 Nd8 31. hxg5 fxg5 32. Rh2 Nf7 33. Rdh1 Nf6 34. Bd3 Nxg4 35. Rh5
Nf6 36. e5 Nxh5+ 37. Rxh5 Rh8 38. e6 Be8 39. Bg6 Nd8 40. Bxe8 Rxe8 41. Bxg5
Bxg5 42. Nxg5 Rh8 43. Qf5 Qe7 44. Ne4 Nb7 45. Qg4+ Kh7 46. Qf5+ Kg7 47. Kh3
Rbg8 48. Nb6 Rf8 49. Qg4+ Kh7 50. Ng5+ Kg8 51. Nf7+ Kh7 52. Rxh6# 1-0

[Event "Finkenstein Open"]
[Site "?"]
[Date "2000.08.19"]
[Round "9.2"]
[White "Fucak, Emilijo"]
[Black "Hummel, Markus"]
[Result "1-0"]
[WhiteElo "2334"]
[BlackElo "2174"]
[PlyCount "75"]
[EventDate "2000.??.??"]

1. b3 e5 2. Bb2 Nc6 3. c4 g6 4. e3 Bg7 5. Nf3 Nge7 6. b4 Nxb4 7. Bxe5 Bxe5 8.
Nxe5 d6 9. Qa4+ Nbc6 10. Nf3 Bf5 11. Nc3 O-O 12. Be2 Qd7 13. d4 a6 14. Qd1 d5
15. h3 h5 16. Rc1 Be6 17. e4 dxe4 18. Nxe4 Qd8 19. d5 Bf5 20. Nf6+ Kg7 21. Qd2
Ne5 22. Nxh5+ gxh5 23. Nxe5 Ng6 24. Nxg6 fxg6 25. g4 Be4 26. Qd4+ Qf6 27. Qxf6+
Rxf6 28. O-O Bf3 29. Bxf3 Rxf3 30. Kg2 Raf8 31. c5 R8f6 32. Rb1 b5 33. cxb6
cxb6 34. Rbd1 Kf7 35. d6 Ke8 36. d7+ Kd8 37. Rfe1 Rxf2+ 38. Kg1 1-0

[Event "Finkenstein Open"]
[Site "?"]
[Date "2000.08.19"]
[Round "9.3"]
[White "Jeric, Simon"]
[Black "Bruns, Michael"]
[Result "1/2-1/2"]
[WhiteElo "2333"]
[BlackElo "2107"]
[PlyCount "84"]
[EventDate "2000.??.??"]

1. c4 Nf6 2. g3 g6 3. Bg2 Bg7 4. Nc3 c5 5. e4 d6 6. Nge2 Nc6 7. O-O O-O 8. d3
Bd7 9. h3 Rb8 10. f4 a6 11. a4 b6 12. g4 Ne8 13. f5 Nc7 14. Rb1 b5 15. axb5
axb5 16. b3 bxc4 17. bxc4 Rxb1 18. Nxb1 Qb8 19. Nbc3 Nd4 20. Bg5 Re8 21. Nd5
Nxd5 22. cxd5 Qb2 23. Nc1 Be5 24. Rf2 Qc3 25. Ra2 Nb5 26. Ne2 Qb4 27. Bf1 Nc3
28. Nxc3 Qxc3 29. Ra7 Bb5 30. Bxe7 c4 31. Rb7 Qd4+ 32. Kg2 Ba6 33. Qa4 Ra8 34.
Rb1 Qe3 35. Bh4 Qd2+ 36. Kf3 Bb7 37. Qxc4 Ra2 38. Qc1 Qh2 39. Rxb7 Qh1+ 40. Ke3
Qg1+ 41. Kf3 Qh1+ 42. Ke3 Qg1+ 1/2-1/2

[Event "Finkenstein Open"]
[Site "?"]
[Date "2000.08.19"]
[Round "9.4"]
[White "Hicker, Harald"]
[Black "Neulinger, Manfred"]
[Result "0-1"]
[WhiteElo "2145"]
[BlackElo "2286"]
[PlyCount "87"]
[EventDate "2000.??.??"]

1. d4 g6 2. c4 Bg7 3. Nc3 f5 4. e4 fxe4 5. Nxe4 d5 6. Ng5 Nc6 7. Be3 Nf6 8. Rc1
h6 9. N5f3 Be6 10. Bd3 Bf7 11. a3 O-O 12. Qc2 g5 13. Ne2 e6 14. Bg6 Qe8 15.
Bxf7+ Qxf7 16. Ng3 dxc4 17. Qxc4 Nd5 18. O-O Rad8 19. b4 g4 20. Nd2 Nb6 21. Qe2
h5 22. Nb3 e5 23. Na5 exd4 24. Nxc6 bxc6 25. Bg5 Rd5 26. Bh4 d3 27. Qd2 Qg6 28.
Rc5 Bd4 29. Rxd5 cxd5 30. Qg5 Qxg5 31. Bxg5 h4 32. Bxh4 Rxf2 33. Kh1 Rxf1+ 34.
Nxf1 Nc4 35. Be1 Nxa3 36. h3 Kf7 37. hxg4 Kg6 38. Kh2 Nc2 39. Bd2 Be5+ 40. Kg1
Bd6 41. Kf2 Bxb4 42. Bxb4 Nxb4 43. Ke3 c5 44. Nd2 0-1

[Event "Finkenstein Open"]
[Site "?"]
[Date "2000.08.19"]
[Round "9.5"]
[White "Sebenik, Matej"]
[Black "Basagic, Zlatko"]
[Result "1-0"]
[WhiteElo "2287"]
[BlackElo "2338"]
[PlyCount "45"]
[EventDate "2000.??.??"]

1. Nf3 Nf6 2. b3 c5 3. c4 Nc6 4. Bb2 d6 5. d4 cxd4 6. Nxd4 e6 7. Nc3 a6 8. g3
Be7 9. Bg2 Qc7 10. O-O O-O 11. Rc1 Nxd4 12. Qxd4 Bd7 13. Rfd1 Rfd8 14. e4 Qa5
15. Qd2 b5 16. Nd5 Qxd2 17. Nxe7+ Kf8 18. Rxd2 Kxe7 19. Ba3 Ne8 20. e5 Rab8 21.
Bxd6+ Nxd6 22. exd6+ Ke8 23. c5 1-0

[Event "Finkenstein Open"]
[Site "?"]
[Date "2000.08.19"]
[Round "9.6"]
[White "Kiss, Attila"]
[Black "Lenic, Luka"]
[Result "0-1"]
[WhiteElo "2338"]
[BlackElo "2061"]
[PlyCount "78"]
[EventDate "2000.??.??"]

1. d4 Nf6 2. Nf3 g6 3. c4 Bg7 4. g3 O-O 5. Bg2 d6 6. O-O Nc6 7. Nc3 Rb8 8. Bd2
a6 9. Rc1 Nd7 10. d5 Na5 11. b3 c5 12. dxc6 bxc6 13. Bg5 h6 14. Bf4 c5 15. Nd5
Nc6 16. Bd2 Nb4 17. Qe1 Nxd5 18. cxd5 Nf6 19. Ba5 Qe8 20. Nd2 Bd7 21. Nc4 Bb5
22. Qd2 Bxc4 23. Rxc4 Qd7 24. e4 h5 25. h3 Ne8 26. Bc3 Nc7 27. Bxg7 Kxg7 28. e5
Nb5 29. Re4 Nd4 30. Rfe1 Rb4 31. Rf4 Qd8 32. Re3 Nf5 33. Ree4 Rxe4 34. Rxe4 Qb8
35. exd6 exd6 36. Ra4 Qb7 37. Qc3+ Kh7 38. Qf6 Ra8 39. Re4 39... Ra7 {Zeit} 0-1

[Event "Finkenstein Open"]
[Site "?"]
[Date "2000.08.19"]
[Round "9.7"]
[White "Brauer, Christian"]
[Black "Wagner, Stephan"]
[Result "1/2-1/2"]
[WhiteElo "2158"]
[BlackElo "2044"]
[PlyCount "46"]
[EventDate "2000.??.??"]

1. d4 d5 2. c4 e6 3. cxd5 exd5 4. Nc3 Nf6 5. Bg5 Be7 6. e3 c6 7. Bd3 O-O 8. Qc2
Nbd7 9. Nge2 Re8 10. O-O-O Ne4 11. Bxe4 dxe4 12. Bf4 f5 13. g4 Nf6 14. gxf5
Bxf5 15. h3 Bd6 16. Rdg1 b5 17. Rg5 Bg6 18. Rhg1 b4 19. Na4 Nd5 20. Bxd6 Qxd6
21. h4 Re7 22. Nc5 Qh2 23. h5 Qh4 1/2-1/2

[Event "Finkenstein Open"]
[Site "?"]
[Date "2000.08.19"]
[Round "9.8"]
[White "Schippel, Gert"]
[Black "Siegmund, Rainer"]
[Result "0-1"]
[WhiteElo "2016"]
[BlackElo "2143"]
[PlyCount "82"]
[EventDate "2000.??.??"]

1. Nf3 c5 2. c4 Nf6 3. g3 b6 4. Bg2 Bb7 5. O-O g6 6. d4 cxd4 7. Qxd4 d6 8. Nc3
Bg7 9. Rd1 Nbd7 10. b3 O-O 11. Bb2 Nc5 12. Rac1 Rc8 13. Ne1 Qd7 14. Rc2 a6 15.
Qe3 Bxg2 16. Nxg2 b5 17. b4 Qf5 18. Rdc1 Ne6 19. cxb5 axb5 20. f3 g5 21. Qf2
Qg6 22. e4 Rb8 23. Ne3 Nd4 24. Ned5 Nc6 25. Nxb5 Rxb5 26. Rxc6 Nxd5 27. exd5
Rxb4 28. Bxg7 Qxg7 29. Rc8 Qd4 30. R8c7 Rfb8 31. Rxe7 Qxd5 32. Rce1 Kg7 33. Qe3
h6 34. h4 Qd4 35. hxg5 hxg5 36. Re2 Qf6 37. Kf2 Rh8 38. f4 g4 39. Rc2 Rh2+ 40.
Kg1 Rxc2 41. Qd3 Rb1+ 0-1

[Event "Finkenstein Open"]
[Site "?"]
[Date "2000.08.19"]
[Round "9.9"]
[White "Keller, Manfred"]
[Black "Suster, Otto"]
[Result "1-0"]
[WhiteElo "2200"]
[BlackElo "1911"]
[PlyCount "39"]
[EventDate "2000.??.??"]

1. d4 e6 2. e4 d5 3. Nc3 dxe4 4. Nxe4 Nf6 5. Bg5 Be7 6. Bxf6 Bxf6 7. Nf3 O-O 8.
Qd2 b6 9. O-O-O Bb7 10. Bd3 Nd7 11. Qf4 Rc8 12. h4 Be7 13. Kb1 Nf6 14. Nxf6+
Bxf6 15. Ng5 g6 16. Nxh7 Kxh7 17. h5 Kg8 18. hxg6 Bg5 19. gxf7+ Rxf7 20. Rh8+
1-0

[Event "Finkenstein Open"]
[Site "?"]
[Date "2000.08.19"]
[Round "9.10"]
[White "Kock, Hans-Uwe"]
[Black "Hutz, Gerhard"]
[Result "1/2-1/2"]
[WhiteElo "2167"]
[BlackElo "1890"]
[PlyCount "40"]
[EventDate "2000.??.??"]

1. d4 e6 2. Nf3 b6 3. g3 d5 4. Bg2 Nf6 5. O-O Bb7 6. Nbd2 Be7 7. c4 O-O 8. cxd5
Bxd5 9. Qc2 Nbd7 10. e4 Bb7 11. e5 Nd5 12. a3 c5 13. dxc5 Qc7 14. b4 bxc5 15.
bxc5 Qxc5 16. Qa4 Bc6 17. Qg4 Qc3 18. Rb1 Rab8 19. Ne4 Nxe5 20. Rxb8 Rxb8
1/2-1/2

[Event "Finkenstein Open"]
[Site "?"]
[Date "2000.08.19"]
[Round "9.11"]
[White "Juritsch, Harald"]
[Black "Smajkic, Serif"]
[Result "1-0"]
[WhiteElo "2036"]
[BlackElo "1878"]
[PlyCount "53"]
[EventDate "2000.??.??"]

1. c4 e5 2. g3 f5 3. e3 Nf6 4. Nc3 c6 5. d3 Bb4 6. Nge2 O-O 7. Qb3 Ba5 8. Bd2
Na6 9. Bg2 Nc5 10. Qc2 e4 11. dxe4 fxe4 12. O-O d5 13. cxd5 Bxc3 14. Bxc3 Qe7
15. Bb4 b6 16. dxc6 Ba6 17. Rfe1 Bd3 18. Bxc5 bxc5 19. Qb3+ Kh8 20. Nf4 c4 21.
Qa4 Rab8 22. b3 Rb4 23. Qa5 c3 24. c7 g5 25. Qxg5 Rb5 26. Qh6 Qf7 27. Ng6+ 1-0

[Event "Finkenstein Open"]
[Site "?"]
[Date "2000.08.19"]
[Round "9.12"]
[White "Orsario, Wolfgang"]
[Black "Scholvin, Bjoern"]
[Result "0-1"]
[WhiteElo "1818"]
[BlackElo "1929"]
[PlyCount "98"]
[EventDate "2000.??.??"]

1. d4 f5 2. c4 Nf6 3. Nc3 g6 4. Bg5 Bg7 5. Bxf6 Bxf6 6. e4 d6 7. h4 O-O 8. Nf3
Nc6 9. d5 Ne5 10. Ng5 h6 11. f4 hxg5 12. hxg5 Bxg5 13. fxg5 e6 14. Qd2 Nf7 15.
O-O-O Qxg5 16. Bd3 Qxd2+ 17. Rxd2 Ne5 18. exf5 exf5 19. Ne2 Bd7 20. Nd4 Kg7 21.
Be2 Rh8 22. Rdd1 Rxh1 23. Rxh1 Rh8 24. Rxh8 Kxh8 25. Kd2 Kg7 26. Ke1 Kf6 27. b3
f4 28. Kf1 a6 29. a4 Ng4 30. Bd3 Ne3+ 31. Kf2 Nf5 32. Nf3 g5 33. Be2 g4 34. Ne1
Nd4 35. Bd1 Bf5 36. b4 Ke5 37. a5 f3 38. gxf3 Nxf3 39. Bxf3 gxf3 40. Nxf3+ Ke4
41. Ng5+ Kd4 42. Ne6+ Kxc4 43. Nxc7 Kxb4 44. Ke3 Bd7 45. Ne6 Kxa5 46. Kd2 Kb5
47. Nf4 Kc4 48. Kc2 Bf5+ 49. Kb2 Be4 0-1

[Event "Finkenstein Open"]
[Site "?"]
[Date "2000.08.19"]
[Round "9.13"]
[White "Wiesinger, Johann"]
[Black "Hodac, Herbert"]
[Result "1/2-1/2"]
[WhiteElo "1737"]
[BlackElo "1927"]
[PlyCount "54"]
[EventDate "2000.??.??"]

1. e4 d6 2. d4 Nf6 3. Bd3 Nc6 4. c3 g6 5. Ne2 Bg7 6. O-O O-O 7. f4 e5 8. d5 Ne7
9. Nd2 c6 10. dxc6 bxc6 11. Nc4 Qc7 12. fxe5 dxe5 13. Ng3 Bg4 14. Be2 Rad8 15.
Qc2 Be6 16. Be3 c5 17. Rad1 Ng4 18. Bc1 Nh6 19. Ne3 f5 20. exf5 Nhxf5 21. Ne4
Nxe3 22. Bxe3 c4 23. Qa4 Bd5 24. Nc5 Rxf1+ 25. Rxf1 Nf5 26. Bf2 Bf8 27. Na6 Qd7
1/2-1/2